000 00748nam a2200241Ia 4500
003 OSt
005 20251023122115.0
008 210716s2002 xx 000 0 und d
020 _a9788120320222
040 _cAIMIT LIBRARY
041 _aeng
082 _a005.758
_bNAGA
100 _aNagpal, Arvind.
_9242559
245 _aALE EDI and IDOC technologies for sap /
_cBy Arvind Nagpal and John Pitlak.
250 _a2nd ed.
260 _aNew Delhi :
_bPHI Learning Pvt Ltd ,
_c2002.
300 _axxxvi,764 p.;
_bPB
_c25 cm.
650 _aIntroduction to SAP EDI architecture
_9242560
650 _aOutbound EDI process
_9242561
650 _aInbound EDI process
_9242562
700 _aPitlak, John.
_9242563
942 _2ddc
_cBK
_k005.758 NAGA
999 _c190144
_d190144